Direitos humanos : (Registro nro. 173320)
[ vista simple ]
| 000 -LEADER | |
|---|---|
| fixed length control field | 01497nam a22003971i 4500 |
| 001 - CONTROL NUMBER | |
| control field | bslw10107597 |
| 003 - CONTROL NUMBER IDENTIFIER | |
| control field | UtOrBLW |
| 006 - FIXED-LENGTH DATA ELEMENTS--ADDITIONAL MATERIAL CHARACTERISTICS--GENERAL INFORMATION | |
| fixed length control field | m o d |
| 007 - PHYSICAL DESCRIPTION FIXED FIELD--GENERAL INFORMATION | |
| fixed length control field | cr un ---uuuua |
| 008 - FIXED-LENGTH DATA ELEMENTS--GENERAL INFORMATION | |
| fixed length control field | 231130s2022 bl ob 000 0 por d |
| 020 ## - INTERNATIONAL STANDARD BOOK NUMBER | |
| International Standard Book Number | 9786555154740 |
| Qualifying information | (Ebook) |
| 035 ## - | |
| -- | 42581 |
| 040 ## - CATALOGING SOURCE | |
| Original cataloging agency | UtOrBLW |
| Language of cataloging | eng |
| Description conventions | rda |
| Transcribing agency | UtOrBLW |
| 043 ## - | |
| -- | s-bl--- |
| 050 #4 - | |
| -- | K3240.5 |
| -- | .B66 2022 |
| 082 04 - | |
| -- | 341.48 |
| -- | 23 |
| 100 1# - MAIN ENTRY--PERSONAL NAME | |
| Personal name | Alves Guimarães, João Alexandre Silva, |
| Relator term | author, |
| -- | editor. |
| 245 10 - TITLE STATEMENT | |
| Title | Direitos humanos : |
| Remainder of title | contextos e perspectivas / |
| Statement of responsibility, etc | Alexandre Pereira Bonna [and 27 others] ; coordenadores, João Alexandre Silva Alves Guimarães, Rodrigo Vitorino Souza Alves ; prefaciode, Mafalda Miranda Barbosa. |
| 264 #1 - | |
| -- | Indaiatuba, SP : |
| -- | Editora Foco, |
| -- | 2022. |
| 300 ## - PHYSICAL DESCRIPTION | |
| Extent | 1 online resource (viii, 287 pages) |
| 336 ## - | |
| -- | text |
| -- | txt |
| -- | rdacontent |
| 337 ## - | |
| -- | computer |
| -- | c |
| -- | rdamedia |
| 338 ## - | |
| -- | online resource |
| -- | cr |
| -- | rdacarrier |
| 504 ## - BIBLIOGRAPHY, ETC. NOTE | |
| Bibliography, etc | Includes bibliographical references. |
| 650 #0 - SUBJECT ADDED ENTRY--TOPICAL TERM | |
| Topical term or geographic name as entry element | Human rights |
| General subdivision | History. |
| 650 #0 - SUBJECT ADDED ENTRY--TOPICAL TERM | |
| Topical term or geographic name as entry element | Human rights |
| Geographic subdivision | Brazil. |
| 650 #0 - SUBJECT ADDED ENTRY--TOPICAL TERM | |
| Topical term or geographic name as entry element | Civil rights |
| Geographic subdivision | Brazil. |
| 700 1# - ADDED ENTRY--PERSONAL NAME | |
| Personal name | Bonna, Alexandre Pereira, |
| Relator term | author. |
| 700 1# - ADDED ENTRY--PERSONAL NAME | |
| Personal name | Souza Alves, Rodrigo Vitorino,author, |
| Relator term | editor. |
| 700 1# - ADDED ENTRY--PERSONAL NAME | |
| Personal name | Miranda Barbosa, Mafalda, |
| Relator term | writer of foreword. |
| 856 40 - LOCALIZACIÓN Y ACCESO ELECTRÓNICO | |
| Identificador Uniforme del Recurso (URI/URL) | https://app.vlex.com/#/sources/42581 |
| 912 ## - | |
| -- | 1993 |
| -- | 11/30/2023 |
| -- | 10107597 |
| -- | cha |
| -- | OE |
| -- | 000000-1 |
| -- | 1993 |
| -- | 12/12/2023 |
| 911 ## - | |
| -- | Vlex |
| -- | Original |
| 942 ## - | |
| -- | RAA |
| 999 ## - | |
| -- | 173320 |
| -- | 173320 |
No hay ítems disponibles.